Western civilization / (Record no. 7350)

MARC details
000 -LEADER
fixed length control field 01828cam a2200373 i 4500
003 - CONTROL NUMBER IDENTIFIER
control field URS
005 - DATE AND TIME OF LATEST TRANSACTION
control field 20220114152722.0
008 - FIXED-LENGTH DATA ELEMENTS--GENERAL INFORMATION
fixed length control field 130815s2015 ctuab b 001 0 eng
010 ## - LIBRARY OF CONGRESS CONTROL NUMBER
LC control number 2013947984
020 ## - INTERNATIONAL STANDARD BOOK NUMBER
International Standard Book Number 9781285436401 (comprehensive core edition)
020 ## - INTERNATIONAL STANDARD BOOK NUMBER
International Standard Book Number 9781285436487 (v. I : To 1715)
020 ## - INTERNATIONAL STANDARD BOOK NUMBER
International Standard Book Number 9781285436555 (v. II : Since 1500)
020 ## - INTERNATIONAL STANDARD BOOK NUMBER
International Standard Book Number 9781285436586 (v. A : To 1500)
020 ## - INTERNATIONAL STANDARD BOOK NUMBER
International Standard Book Number 9781285436616 (v. B : 13001815)
020 ## - INTERNATIONAL STANDARD BOOK NUMBER
International Standard Book Number 9781285436623 (v. C : Since 1789)
020 ## - INTERNATIONAL STANDARD BOOK NUMBER
International Standard Book Number 9781285436685 (Since 1300)
040 ## - CATALOGING SOURCE
Original cataloging agency DLC
Language of cataloging eng
Description conventions rda
Transcribing agency DLC
042 ## - AUTHENTICATION CODE
Authentication code pcc
050 00 - LIBRARY OF CONGRESS CALL NUMBER
Classification number CB245
Item number .S63 2015b
100 1# - MAIN ENTRY--PERSONAL NAME
Personal name Spielvogel, Jackson J.,
Dates associated with a name 1939-
245 10 - TITLE STATEMENT
Title Western civilization /
Statement of responsibility, etc. Jackson J. Spielvogel, The Pennsylvania State University.
250 ## - EDITION STATEMENT
Edition statement Ninth edition.
264 #1 - PRODUCTION, PUBLICATION, DISTRIBUTION, MANUFACTURE, AND COPYRIGHT NOTICE
Place of production, publication, distribution, manufacture Stamford, CT :
Date of production, publication, distribution, manufacture, or copyright notice [2015]
264 #1 - PRODUCTION, PUBLICATION, DISTRIBUTION, MANUFACTURE, AND COPYRIGHT NOTICE
Name of producer, publisher, distributor, manufacturer Cengage Learning,
300 ## - PHYSICAL DESCRIPTION
Extent xxxiv, 1018 pages :
Other physical details illustrations, maps ;
Dimensions 29 cm
336 ## - CONTENT TYPE
Content type term text
Source rdacontent
337 ## - MEDIA TYPE
Media type term unmediated
Source rdamedia
338 ## - CARRIER TYPE
Carrier type term volume
Source rdacarrier
504 ## - BIBLIOGRAPHY, ETC. NOTE
Bibliography, etc. note Includes bibliographical references and index.
650 #0 - SUBJECT ADDED ENTRY--TOPICAL TERM
Topical term or geographic name entry element Civilization, Western
General subdivision History
Form subdivision Textbooks.
906 ## - LOCAL DATA ELEMENT F, LDF (RLIN)
a 7
b cbc
c orignew
d 3
e epcn
f 20
g y-gencatlg
942 ## - ADDED ENTRY ELEMENTS (KOHA)
Source of classification or shelving scheme Library of Congress Classification
Koha item type Foreign Books
Holdings
Withdrawn status Source of classification or shelving scheme Damaged status Not for loan Collection code Home library Current library Shelving location Date acquired Total Checkouts Full call number Barcode Date last seen Price effective from Koha item type
  Library of Congress Classification     Non-fiction Pililla College Library Pililla College Library General Stacks 07/25/2018   973 Sp4w 2015 URSPIL-5487 07/25/2018 07/25/2018 Foreign Books

University of Rizal System
Email us at univlibservices@urs.edu.ph

Visit our Website www.urs.edu.ph/library